00386 2200157 4500001002100000005001500021035002000036245005100056100001800107300001200125260003500137082000800172084001400180020002200194990001200216INLIS00000000000164320250429080244 a0010-04250000591 aKisah Nyata 25 Nabi dan Rasul /cRahimsyah AR.0 aRahimsyah AR. a128 hlm aSemarang :bWidya Karya,c2022 a297 a297 RAH k a978-602-8517-27-0 a0754695